| 000 | 00500nam a22001457a 4500 | ||
|---|---|---|---|
| 999 |
_c17561 _d17561 |
||
| 008 | 190325b xxu||||| |||| 00| 0 eng d | ||
| 050 |
_aQA76.9 _b.A49 2018 c.1 |
||
| 100 | _aAiyabei, Edwin Kiplimo | ||
| 245 |
_aA web-based model to determine cybersecurity readiness index for hospitals towards adoption of e-health _cEdwin kiplimo Ayabei |
||
| 260 |
_aKabarak, Nakuru, Kenya _bKabarak University _c2018 |
||
| 300 | _axv, 111p. | ||
| 650 | _aCyber attack | ||
| 650 | _aTechnology | ||
| 942 |
_2lcc _cTHE |
||